Länder Asiens in alphabetischer Reihenfolge - Statistiken

Allgemein
  • Dieses Quiz wurde 115 mal gespielt
  • Das Durchschnittsergebnis liegt bei 27 aus 48
Antworten auf der Karte
Die Antworten werden auf der Karte rot bzw. grün angezeigt, abhängig davon wie oft sie richtig erraten wurden.
 
Antwortstatistiken
Land % Korrekt
Aserbaidschan
96%
Afghanistan
94%
Armenien
94%
Bangladesch
83%
China
79%
Bahrain
77%
Bhutan
77%
Brunei
74%
Irak
72%
Iran
72%
Indien
70%
Indonesien
68%
Israel
68%
Jemen
66%
Kasachstan
64%
Georgien
62%
Jordanien
62%
Japan
60%
Kambodscha
57%
Katar
57%
Laos
57%
Malaysia
57%
Myanmar
57%
Kirgisistan
55%
Kuwait
53%
Libanon
53%
Nepal
53%
Mongolei
49%
Oman
49%
Malediven
47%
Nordkorea
45%
Pakistan
45%
Zypern
45%
Vietnam
43%
Saudi-Arabien
42%
Syrien
42%
Vereinigte Arabische Emirate
42%
Osttimor
40%
Philippinen
40%
Taiwan
40%
Sri Lanka
38%
Südkorea
38%
Tadschikistan
38%
Thailand
38%
Türkei
38%
Turkmenistan
38%
Usbekistan
38%
Singapur
36%
Keine übereinstimmenden Quizze gefunden
Verteilung der Resultate
Anzahl Personen mit jedem Resultat
Perzentil nach korrekt beantworteten Fragen
Ihre Resultats-Entwicklung
Sie haben dieses Quiz noch nicht gespielt